| 000 -LEADER |
| fixed length control field |
00531cam a22001337a 4500 |
| 008 - FIXED-LENGTH DATA ELEMENTS--GENERAL INFORMATION |
| fixed length control field |
180718b2011 xxu||||| |||| 00| 0 eng d |
| 082 ## - DEWEY DECIMAL CLASSIFICATION NUMBER |
| Classification number |
T2x5451 Al41 |
| 100 ## - MAIN ENTRY--PERSONAL NAME |
| Personal name |
Alivelu, G. |
| 9 (RLIN) |
11485 |
| 245 ## - TITLE STATEMENT |
| Title |
Enhancing the performance of resistered manufacturing sector through investment climate indicators in Andhra Pradesh |
| Statement of responsibility, etc |
by G.Alivelu |
| 260 ## - PUBLICATION, DISTRIBUTION, ETC. (IMPRINT) |
| Place of publication, distribution, etc |
Hyderabad |
| Name of publisher, distributor, etc |
Centre for economic and social studies |
| Date of publication, distribution, etc |
2011 |
| 300 ## - PHYSICAL DESCRIPTION |
| Extent |
26p. |
| 650 ## - SUBJECT ADDED ENTRY--TOPICAL TERM |
| Topical term or geographic name as entry element |
Manufacturing industries -- Government policy -- India -- Andhra Pradesh. |
| 9 (RLIN) |
11486 |
| 942 ## - ADDED ENTRY ELEMENTS (KOHA) |
| Source of classification or shelving scheme |
|